| 000 | 00734nam a22001937a 4500 | ||
|---|---|---|---|
| 003 | DO-SdBNP | ||
| 005 | 20171128104626.0 | ||
| 008 | 171128b 1962 ag || |||| 00| 0 spa d | ||
| 040 |
_aBPMSU _bspa _cBPMSU |
||
| 100 |
_aLevene, Ricardo, _d1885-1959. |
||
| 245 |
_aObras de Ricardo Levene / _cRicardo Levene |
||
| 260 |
_aBuenos Aires : _bAcademia Nacional de la Historia _c1962 |
||
| 300 |
_a541 p. ; _c24 cm. |
||
| 490 | _aPublicación de la Comisión de Nacional Ejecutiva del 150 aniversario de la revolución de m | ||
| 505 |
_aV. 2 : _tInvestigaciones acerca de la historia económica del virreinato del Plata |
||
| 942 |
_2ddc _cBK |
||
| 945 | _aInventariado extranjero / 2017 VM | ||
| 956 |
_aVMATEO _b10 _c20171128 _dBPMUSU _f0069 |
||
| 999 |
_c13154 _d13154 |
||